Maths words beginning with F - Statistics

General Stats
  • This quiz has been taken 686 times
  • The average score is 6 of 12
Answer Stats
Hint Answer % Correct
3rd prime number five
90%
number that divides in without remainder factor
89%
numerator and denominator fraction
89%
not infinite finite
88%
! factorial
75%
1,1,2,3,5,8,13,....... fibonacci sequence
73%
passes the vertical line test function
39%
method for working out (x+2)(x-7) FOIL
29%
a rule formula
29%
ellipse term foci
19%
when a cyclic graph repeats frequency
13%
repeating math pattern fractal
12%
No matching quizzes found
Score Distribution
Percent of People with Each Score
Percentile by Number Answered
Your Score History
You have not taken this quiz